[Event "Oban op"]
[Site "Oban"]
[Date "2007.12.01"]
[Round "2"]
[White "Wuts, Frank"]
[Black "Eliens, Arno"]
[Result "1-0"]
[WhiteElo "2277"]
[BlackElo "2025"]
[PlyCount "47"]
[EventDate "2007.11.30"]
[EventType "swiss"]
[EventRounds "5"]
[EventCountry "SCO"]
[SourceTitle "EXT 2023"]
[Source "ChessBase"]
[SourceDate "2022.10.05"]
[SourceVersion "1"]
[SourceVersionDate "2022.10.05"]
[SourceQuality "1"]

1. e4 Nf6 2. d3 d6 3. Nc3 g6 4. f4 Bg7 5. Nf3 c5 6. Ne2 Nc6 7. c3 0-0 8. Ng3 a6 9. Be2 b5 10. 0-0 Bb7 11. f5 Na5 12. fxg6 fxg6 13. Ng5 c4 14. Ne6 Qb6+ 15. d4 Rf7 16. Bf3 Bh8 17. Kh1 d5 18. Ng5 dxe4 19. N3xe4 Rff8 20. Nc5 Bxf3 21. Qxf3 Ne4 22. Nf7 Nxc5 23. Nh6+ Kg7 24. Qf7+ 1-0

[Event "Le Touquet op 22nd"]
[Site "Le Touquet"]
[Date "2007.10.31"]
[Round "7"]
[White "Wuts, Frank"]
[Black "Olesen, Poul Erik Norgaard"]
[Result "1-0"]
[WhiteElo "2277"]
[BlackElo "2065"]
[PlyCount "53"]
[EventDate "2007.10.27"]
[EventType "swiss"]
[EventRounds "9"]
[EventCountry "FRA"]
[SourceTitle "EXT 2008"]
[Source "ChessBase"]
[SourceDate "2007.11.25"]
[SourceVersion "1"]
[SourceVersionDate "2007.11.25"]
[SourceQuality "1"]

1. d4 c5 2. d5 d6 3. c4 g6 4. e4 Bg7 5. Bd3 Nf6 6. Nc3 0-0 7. Nf3 e6 8. 0-0 exd5 9. cxd5 Nbd7 10. Bf4 Qe7 11. Nd2 Nh5 12. Be3 Ne5 13. Be2 Nf6 14. h3 a6 15. a4 b6 16. f4 Ned7 17. Bf2 Rb8 18. Re1 Ne8 19. Bg4 Nef6 20. Bh4 Qe8 21. Nc4 g5 22. Nxd6 Nxg4 23. Nxe8 Bd4+ 24. Kh1 Ne3 25. Rxe3 Bxe3 26. Nd6 gxh4 27. Nxc8 1-0

[Event "Le Touquet op 22nd"]
[Site "Le Touquet"]
[Date "2007.10.29"]
[Round "4"]
[White "Hervais, Adrien"]
[Black "Wuts, Frank"]
[Result "0-1"]
[WhiteElo "2076"]
[BlackElo "2277"]
[PlyCount "56"]
[EventDate "2007.10.27"]
[EventType "swiss"]
[EventRounds "9"]
[EventCountry "FRA"]
[SourceTitle "EXT 2008"]
[Source "ChessBase"]
[SourceDate "2007.11.25"]
[SourceVersion "1"]
[SourceVersionDate "2007.11.25"]
[SourceQuality "1"]

1. e4 d6 2. d4 Nf6 3. Nc3 c6 4. Nf3 Bg4 5. a3 Nbd7 6. Be2 e5 7. Be3 Be7 8. 0-0 0-0 9. Ng5 Bxe2 10. Qxe2 Nd5 11. exd5 Bxg5 12. dxe5 Bxe3 13. Qxe3 Nxe5 14. dxc6 bxc6 15. Qd4 Qf6 16. Rad1 d5 17. Rfe1 Rfe8 18. Re2 a6 19. b3 Re6 20. Kf1 Rae8 21. Na4 Qf5 22. Nc3 Ng4 23. Rxe6 Rxe6 24. Rd3 Nxh2+ 25. Kg1 Ng4 26. Kf1 Qh5 27. Rh3 Nh2+ 28. Kg1 Qxh3 0-1

[Event "Le Touquet op 22nd"]
[Site "Le Touquet"]
[Date "2007.10.27"]
[Round "1"]
[White "Wuts, Frank"]
[Black "Dutel, Francois"]
[Result "1-0"]
[WhiteElo "2277"]
[BlackElo "1922"]
[PlyCount "51"]
[EventDate "2007.10.27"]
[EventType "swiss"]
[EventRounds "9"]
[EventCountry "FRA"]
[SourceTitle "EXT 2008"]
[Source "ChessBase"]
[SourceDate "2007.11.25"]
[SourceVersion "1"]
[SourceVersionDate "2007.11.25"]
[SourceQuality "1"]

1. d4 Nf6 2. Nf3 c5 3. e3 e6 4. c3 d5 5. Bd3 Nbd7 6. 0-0 Bd6 7. Nbd2 0-0 8. e4 dxe4 9. Nxe4 Nxe4 10. Bxe4 cxd4 11. Qxd4 Bc5 12. Qc4 Qb6 13. Bc2 Nf6 14. a4 Bd7 15. Qh4 Be7 16. Bg5 h6 17. Bxh6 Nd5 18. Bg5 g6 19. Bxe7 Nxe7 20. Ng5 Kg7 21. Qh7+ Kf6 22. Ne4+ Ke5 23. Qg7+ Kd5 24. Rfd1+ Kc6 25. Qe5 Nf5 26. Rd6+ 1-0

[Event "Bunratty Masters op 14th"]
[Site "Bunratty"]
[Date "2007.02.25"]
[Round "6"]
[White "Path, David"]
[Black "Wuts, Frank"]
[Result "1/2-1/2"]
[WhiteElo "2090"]
[BlackElo "2277"]
[PlyCount "42"]
[EventDate "2007.02.23"]
[EventType "swiss"]
[EventRounds "6"]
[EventCountry "IRL"]
[SourceTitle "CBM 117 Extra"]
[Source "ChessBase"]
[SourceDate "2007.05.09"]
[SourceVersion "1"]
[SourceVersionDate "2007.05.09"]
[SourceQuality "1"]

1. Nf3 d5 2. d4 c6 3. c4 e6 4. Qc2 Nf6 5. Bg5 Qa5+ 6. Nbd2 Ne4 7. Bf4 Na6 8. a3 Be7 9. Rc1 g5 10. Be3 f5 11. g3 Rf8 12. Kd1 f4 13. Nxe4 fxe3 14. Nexg5 exf2 15. Qxh7 e5 16. Qg6+ Kd8 17. Ne6+ Bxe6 18. Qxe6 Qa4+ 19. Rc2 Nb4 20. axb4 Bxb4 21. c5 Qa1+ 1/2-1/2

[Event "Bunratty Masters op 14th"]
[Site "Bunratty"]
[Date "2007.02.24"]
[Round "2"]
[White "Baburin, Alexander"]
[Black "Wuts, Frank"]
[Result "1-0"]
[WhiteElo "2545"]
[BlackElo "2277"]
[PlyCount "31"]
[EventDate "2007.02.23"]
[EventType "swiss"]
[EventRounds "6"]
[EventCountry "IRL"]
[SourceTitle "CBM 117 Extra"]
[Source "ChessBase"]
[SourceDate "2007.05.09"]
[SourceVersion "1"]
[SourceVersionDate "2007.05.09"]
[SourceQuality "1"]

1. d4 b5 2. e4 Bb7 3. Bxb5 Bxe4 4. Nf3 e6 5. 0-0 c5 6. Nc3 Bc6 7. Bxc6 dxc6 8. dxc5 Nd7 9. b4 a5 10. b5 Nxc5 11. bxc6 Qb6 12. Rb1 Qxc6 13. Ne5 Qa6 14. Qf3 Nf6 15. Rb6 Qa7 16. Qc6+ 1-0

[Event "Tromsoe Midnight Sun"]
[Site "Tromsoe"]
[Date "2006.06.25"]
[Round "2"]
[White "Kvisla, Johannes Luangtep"]
[Black "Wuts, Frank"]
[Result "1-0"]
[WhiteElo "2026"]
[BlackElo "2321"]
[PlyCount "43"]
[EventDate "2006.06.24"]
[EventType "swiss"]
[EventRounds "9"]
[EventCountry "NOR"]
[SourceTitle "CBM 112 Extra"]
[Source "ChessBase"]
[SourceDate "2006.07.14"]
[SourceVersion "1"]
[SourceVersionDate "2006.07.14"]
[SourceQuality "1"]

1. d4 b5 2. e4 Bb7 3. Bd3 e6 4. Nf3 c5 5. c3 cxd4 6. cxd4 Nf6 7. Nbd2 Qb6 8. 0-0 Nc6 9. d5 Nb4 10. Bb1 exd5 11. e5 Ng8 12. Nb3 Na6 13. Be3 Nc5 14. Qc2 Nxb3 15. Bxb6 Nxa1 16. Qc7 Bc6 17. Nd4 Ne7 18. Nxc6 Rc8 19. Qxa7 Rxc6 20. Qb7 Nc2 21. Rc1 Nd4 22. Qb8+ 1-0

[Event "BEL-chT 0506"]
[Site "Belgium"]
[Date "2006.03.12"]
[Round "10"]
[White "Wuts, Frank"]
[Black "Horvath, Tamas"]
[Result "1/2-1/2"]
[WhiteElo "2321"]
[BlackElo "2405"]
[PlyCount "120"]
[EventDate "2005.10.09"]
[EventType "team-tourn"]
[EventRounds "11"]
[EventCountry "BEL"]
[SourceTitle "EXT 2007"]
[Source "ChessBase"]
[SourceDate "2006.11.23"]
[SourceVersion "1"]
[SourceVersionDate "2006.11.23"]
[SourceQuality "1"]
[WhiteTeam "Liege Crelel"]
[BlackTeam "KSK47 Eynatten II"]
[WhiteTeamCountry "BEL"]
[BlackTeamCountry "BEL"]

1. d4 Nf6 2. Nf3 e6 3. e3 b6 4. Be2 Bb7 5. 0-0 g6 6. Ne5 d6 7. Bf3 c6 8. Nd3 Nbd7 9. e4 e5 10. c3 Bg7 11. Nd2 0-0 12. dxe5 dxe5 13. Re1 Qc7 14. Qc2 Rfd8 15. Nf1 Nf8 16. Ng3 Ne6 17. Be3 h5 18. Rad1 c5 19. h4 Rd7 20. Re2 Rad8 21. Red2 Bf8 22. Ne1 Be7 23. Be2 Nf4 24. Bc4 Ng4 25. Nf3 Rxd2 26. Rxd2 Rxd2 27. Qxd2 Nxe3 28. Qxe3 Qd6 29. Kh2 Bc8 30. b3 Bg4 31. Nf1 Bd7 32. a4 Bc6 33. N1d2 Bf6 34. g3 Ne6 35. Qd3 Qe7 36. Bd5 Be8 37. Nc4 Nc7 38. Ne3 Kg7 39. c4 Bd7 40. Qf1 Qd6 41. Qg2 Ne6 42. Bxe6 Qxe6 43. Ne1 Bd8 44. Qf3 Be7 45. Nd5 Bd6 46. Qc3 f6 47. Qf3 f5 48. Ng2 fxe4 49. Qxe4 Qf5 50. Qxf5 Bxf5 51. Nge3 Bd7 52. Kg2 Kf7 53. Kf3 Ke6 54. Ke4 Bc6 55. f4 exf4 56. gxf4 Be7 57. f5+ gxf5+ 58. Nxf5 Bf6 59. Ng3 Bxh4 60. Nxh5 Be1 1/2-1/2

[Event "NED-chT 0506"]
[Site "Netherlands"]
[Date "2005.12.17"]
[Round "5.8"]
[White "Van Ketel, Raoul"]
[Black "Wuts, Frank"]
[Result "1-0"]
[WhiteElo "2271"]
[BlackElo "2321"]
[PlyCount "89"]
[EventDate "2005.09.24"]
[EventType "team"]
[EventRounds "9"]
[EventCountry "NED"]
[SourceTitle "EXT 2007"]
[Source "ChessBase"]
[SourceDate "2006.11.23"]
[SourceVersion "1"]
[SourceVersionDate "2006.11.23"]
[SourceQuality "1"]
[WhiteTeam "Leiden LSG"]
[BlackTeam "Tilburg"]
[WhiteTeamCountry "NED"]
[BlackTeamCountry "NED"]

1. d4 b5 2. e4 Bb7 3. f3 a6 4. Be3 e6 5. Nd2 Ne7 6. Bd3 Ng6 7. Nh3 Be7 8. 0-0 0-0 9. c3 d6 10. f4 Bf6 11. Qh5 Nd7 12. Ng5 Bxg5 13. fxg5 e5 14. Rf3 Re8 15. Rh3 Ndf8 16. d5 c6 17. Rf1 cxd5 18. Qf3 Re7 19. exd5 Kh8 20. Be4 Bc8 21. Rg3 Bd7 22. Qf2 Qe8 23. Rf3 Kg8 24. h4 Bg4 25. Rg3 Qd7 26. h5 Nf4 27. Bxf4 exf4 28. Qxf4 Bxh5 29. Bf5 Qa7+ 30. Kh2 g6 31. Bd3 Be2 32. Bxe2 Rxe2 33. Ne4 Qe7 34. Nxd6 Nd7 35. Nxf7 Ne5 36. Nh6+ Kh8 37. Qd4 Qg7 38. Rf6 Rf8 39. Rxf8+ Qxf8 40. Ng4 Qd6 41. Nxe5 Qxe5 42. Qxe5+ Rxe5 43. Rd3 Kg7 44. d6 Re8 45. Kg3 1-0

[Event "BEL-chT 0506"]
[Site "Belgium"]
[Date "2005.11.06"]
[Round "3"]
[White "Dgebuadze, Alexandre"]
[Black "Wuts, Frank"]
[Result "1/2-1/2"]
[WhiteElo "2535"]
[BlackElo "2321"]
[PlyCount "114"]
[EventDate "2005.10.09"]
[EventType "team-tourn"]
[EventRounds "11"]
[EventCountry "BEL"]
[SourceTitle "EXT 2006"]
[Source "ChessBase"]
[SourceDate "2005.11.24"]
[SourceVersion "1"]
[SourceVersionDate "2005.11.24"]
[SourceQuality "1"]
[WhiteTeam "SK Rochade"]
[BlackTeam "Liege Crelel"]
[WhiteTeamCountry "BEL"]
[BlackTeamCountry "BEL"]

1. e4 d6 2. d4 Nf6 3. Nc3 c6 4. Nf3 Bg4 5. h3 Bh5 6. Qe2 e6 7. d5 e5 8. Be3 Be7 9. 0-0-0 Nbd7 10. dxc6 bxc6 11. Kb1 0-0 12. Bc1 Rb8 13. g4 Bg6 14. Bg2 Qa5 15. Ka1 Nc5 16. Nh4 Rb6 17. Nf5 Bxf5 18. exf5 Rfb8 19. Qd2 Ra6 20. a3 Qb6 21. Qe3 d5 22. Nb1 Bd6 23. g5 d4 24. Qe2 d3 25. Rxd3 Nxd3 26. Qxd3 Nd5 27. Bxd5 cxd5 28. g6 d4 29. gxf7+ Kxf7 30. Qc4+ Kf8 31. f6 Bxa3 32. fxg7+ Kxg7 33. Rg1+ Kh8 34. Nxa3 Rxa3+ 35. Kb1 Qa5 36. c3 d3 37. Qxd3 Ra1+ 38. Kc2 Qa4+ 39. Kd2 Qf4+ 40. Qe3 Rd8+ 41. Ke2 Qc4+ 42. Ke1 Qd5 43. Ke2 e4 44. f3 Qc4+ 45. Kf2 Rf8 46. Rg3 Qd5 47. Qh6 Rf7 48. Bg5 Qe5 49. f4 Rb1 50. b4 e3+ 51. Rxe3 Rf1+ 52. Kxf1 Qxe3 53. Bf6+ Kg8 54. Qg5+ Kf8 55. Kg2 Qe2+ 56. Kg3 Qe3+ 57. Kg2 Qe2+ 1/2-1/2

[Event "BEL-chT 0304"]
[Site "Belgium"]
[Date "2004.01.25"]
[Round "2.4"]
[White "Tjiam, Dharma"]
[Black "Wuts, Frank"]
[Result "0-1"]
[WhiteElo "2324"]
[BlackElo "2303"]
[PlyCount "100"]
[EventDate "2003.10.01"]
[EventType "team"]
[EventRounds "11"]
[EventCountry "BEL"]
[SourceTitle "EXT 2005"]
[Source "ChessBase"]
[SourceDate "2004.11.15"]
[SourceVersion "1"]
[SourceVersionDate "2004.11.15"]
[SourceQuality "1"]
[WhiteTeam "Gent"]
[BlackTeam "Liege Crelel"]
[WhiteTeamCountry "BEL"]
[BlackTeamCountry "BEL"]

1. c4 Nf6 2. Nc3 e5 3. g3 d6 4. Bg2 c6 5. d4 Qc7 6. e3 Be7 7. Nge2 Nbd7 8. 0-0 0-0 9. b3 Rd8 10. h3 Rb8 11. d5 Nf8 12. e4 Bd7 13. Be3 a6 14. a4 Ng6 15. Qd2 c5 16. a5 b5 17. axb6 Rxb6 18. Rfb1 Rdb8 19. Nc1 Qc8 20. Kh2 h5 21. Qc2 h4 22. Nd3 Nh7 23. Nd1 Ng5 24. Bxg5 Bxg5 25. Ra3 f5 26. exf5 Bxf5 27. Nc3 Ne7 28. Ne4 hxg3+ 29. fxg3 Be3 30. Qe2 Bd4 31. Qh5 Qe8 32. Qxe8+ Rxe8 33. g4 Bh7 34. Kg3 Rf8 35. Ra2 Rfb8 36. Ra3 Nxd5 37. cxd5 c4 38. Nc1 c3 39. Ne2 c2 40. Rc1 Bb2 41. Ra2 Rxb3+ 42. Kf2 Rf8+ 43. Ke1 Bxc1 44. Nxc1 Re3+ 45. Kd2 Rxe4 46. Bxe4 Bxe4 47. Rxa6 Rf1 48. Ne2 Rd1+ 49. Ke3 Bxd5 50. Rxd6 Bf3 0-1

[Event "BEL-chT 0304"]
[Site "Belgium"]
[Date "2004.01.11"]
[Round "6.4"]
[White "Wuts, Frank"]
[Black "Akhayan, Ruben"]
[Result "1-0"]
[WhiteElo "2303"]
[BlackElo "2230"]
[PlyCount "75"]
[EventDate "2003.10.01"]
[EventType "team"]
[EventRounds "11"]
[EventCountry "BEL"]
[SourceTitle "EXT 2005"]
[Source "ChessBase"]
[SourceDate "2004.11.15"]
[SourceVersion "1"]
[SourceVersionDate "2004.11.15"]
[SourceQuality "1"]
[WhiteTeam "Liege Crelel"]
[BlackTeam "Boitsfort"]
[WhiteTeamCountry "BEL"]
[BlackTeamCountry "BEL"]

1. d4 Nf6 2. Nf3 g6 3. e3 Bg7 4. Be2 c5 5. d5 d6 6. 0-0 0-0 7. c4 Na6 8. Nc3 Nc7 9. Qc2 Rb8 10. a4 Na6 11. e4 Nb4 12. Qb1 Ng4 13. Bg5 Ne5 14. Ra3 Nxf3+ 15. Bxf3 a6 16. a5 Bd7 17. Ne2 Re8 18. Qc1 Qc7 19. Ng3 e6 20. Bh6 Be5 21. Bd1 Kh8 22. Kh1 Rg8 23. f4 Bd4 24. f5 exf5 25. exf5 gxf5 26. Bh5 f6 27. Bf7 Rg4 28. h3 Rh4 29. Nh5 Rg8 30. Bxg8 Kxg8 31. Rg3+ Kf7 32. Rg7+ Ke8 33. Qe1+ Re4 34. Rg8+ Ke7 35. Qg3 Be8 36. Rg7+ Kd8 37. Rxc7 Kxc7 38. Qg7+ 1-0

[Event "Tilburg Eksakt op"]
[Site "Tilburg"]
[Date "2003.08.23"]
[Round "4"]
[White "Dogge, Marc"]
[Black "Wuts, Frank"]
[Result "1-0"]
[WhiteElo "2176"]
[BlackElo "2305"]
[PlyCount "85"]
[EventDate "2003.08.22"]
[EventType "swiss"]
[EventRounds "6"]
[EventCountry "NED"]
[SourceTitle "CBM 095 Extra"]
[Source "ChessBase"]
[SourceDate "2003.09.04"]
[SourceVersion "1"]
[SourceVersionDate "2003.09.04"]
[SourceQuality "1"]

1. e4 d6 2. d4 Nf6 3. Nc3 c6 4. f4 Qa5 5. Bd3 e5 6. dxe5 dxe5 7. fxe5 Ng4 8. Nf3 Nxe5 9. 0-0 Bg4 10. Kh1 Nbd7 11. Qe1 Bxf3 12. gxf3 0-0-0 13. Be2 h5 14. a3 f6 15. f4 Nf7 16. Bc4 Nd6 17. Be6 Nb5 18. Be3 Nxc3 19. Bd2 Qa4 20. Bxc3 Re8 21. b3 Qb5 22. a4 Qc5 23. b4 Qd6 24. Bf5 Qc7 25. Rd1 Rd8 26. Rf3 g6 27. Be6 Rh7 28. Bxf6 Re8 29. Bh3 Kb8 30. Bh4 Nb6 31. f5 Ka8 32. fxg6 Rg7 33. Rfd3 Nd5 34. Qf2 Ne7 35. a5 Rxg6 36. Qf7 Rb8 37. Bxe7 Rg7 38. Qxg7 Bxg7 39. Bd6 Qf7 40. Bxb8 Bf6 41. e5 Be7 42. Bd6 Bh4 43. e6 1-0

[Event "Greenland op"]
[Site "Qaqortoq"]
[Date "2003.06.30"]
[Round "7"]
[White "Stefansson, Hannes"]
[Black "Wuts, Frank"]
[Result "1/2-1/2"]
[WhiteElo "2565"]
[BlackElo "2294"]
[PlyCount "191"]
[EventDate "2003.06.28"]
[EventType "swiss (rapid)"]
[EventRounds "9"]
[EventCountry "GRL"]
[SourceTitle "EXT 2004"]
[Source "ChessBase"]
[SourceDate "2003.11.25"]
[SourceVersion "1"]
[SourceVersionDate "2003.11.25"]
[SourceQuality "1"]

1. e4 d6 2. d4 Nf6 3. Nc3 c6 4. Be3 Qb6 5. a3 Ng4 6. Bg5 e5 7. Nf3 exd4 8. Nxd4 h6 9. Bh4 g5 10. Bg3 Bg7 11. Nb3 Be5 12. Qd2 Bxg3 13. hxg3 Be6 14. Na4 Qc7 15. Nd4 Nd7 16. 0-0-0 Ndf6 17. f3 Ne5 18. Nxe6 fxe6 19. Qxd6 Qxd6 20. Rxd6 Ke7 21. Rd2 g4 22. f4 Ned7 23. Bd3 e5 24. Nc3 h5 25. Rf2 exf4 26. gxf4 g3 27. Rf3 h4 28. e5 Ng4 29. Ne4 Raf8 30. Be2 Nh2 31. Rb3 Rxf4 32. Ng5 Nc5 33. Rc3 Ne6 34. Nf3 Nxf3 35. Bxf3 Ng5 36. Bd1 Rd8 37. Rb3 b6 38. Rb4 Rxb4 39. axb4 Rd4 40. c3 Rf4 41. b5 cxb5 42. Kd2 b4 43. Ke3 Re4+ 44. Kd3 bxc3 45. bxc3 b5 46. Bb3 a5 47. e6 Rg4 48. Bd5 Kd6 49. Re1 Ke7 50. Ra1 h3 51. gxh3 Nxh3 52. Bf3 Ra4 53. Rb1 g2 54. Bxg2 Nf4+ 55. Kc2 Ra2+ 56. Kc1 Rxg2 57. Rxb5 a4 58. Ra5 Nd3+ 59. Kb1 Nb2 60. Ra6 Re2 61. Ka1 Rc2 62. c4 Nxc4 63. Rxa4 Kxe6 64. Kb1 Rc3 65. Ra8 Kd5 66. Rd8+ Kc5 67. Rc8+ Kb4 68. Rb8+ Ka4 69. Ra8+ Na5 70. Kb2 Rc7 71. Rh8 Rc5 72. Rh4+ Kb5 73. Rf4 Rg5 74. Kc3 Nc6 75. Rh4 Rg3+ 76. Kd2 Kc5 77. Ke2 Nd4+ 78. Kf2 Rf3+ 79. Kg2 Ra3 80. Re4 Kd5 81. Re8 Ne6 82. Rb8 Ke4 83. Rb4+ Nd4 84. Rb8 Kf4 85. Rf8+ Nf5 86. Kf1 Ra2 87. Ke1 Ke4 88. Re8+ Kd3 89. Kf1 Ne3+ 90. Kg1 Rg2+ 91. Kh1 Rg7 92. Kh2 Ke2 93. Rf8 Rg5 94. Kh3 Ng2 95. Ra8 Kf3 96. Ra3+ 1/2-1/2

[Event "Le Touquet op 17th"]
[Site "Le Touquet"]
[Date "2002.11.02"]
[Round "9"]
[White "Wuts, Frank"]
[Black "Hareux, Hubert"]
[Result "1/2-1/2"]
[WhiteElo "2304"]
[BlackElo "2241"]
[PlyCount "50"]
[EventDate "2002.10.27"]
[EventType "swiss"]
[EventRounds "9"]
[EventCountry "FRA"]
[SourceTitle "EXT 2003"]
[Source "ChessBase"]
[SourceDate "2002.11.25"]
[SourceVersion "1"]
[SourceVersionDate "2002.11.25"]
[SourceQuality "1"]

1. d4 e6 2. c4 Nf6 3. Nc3 Bb4 4. Qc2 0-0 5. Nf3 b6 6. e4 d5 7. Bg5 dxe4 8. Bxf6 Qxf6 9. Qxe4 c6 10. Bd3 g6 11. h4 Bb7 12. h5 Nd7 13. g4 c5 14. Qxb7 cxd4 15. g5 Qf4 16. Rh4 dxc3 17. Ke2 cxb2 18. Rd1 Qc1 19. hxg6 hxg6 20. Nd4 Nc5 21. Qh1 Qxg5 22. Rh8+ Kg7 23. Rh7+ Kg8 24. Rh8+ Kg7 25. Rh7+ Kg8 1/2-1/2

[Event "Le Touquet op 17th"]
[Site "Le Touquet"]
[Date "2002.10.31"]
[Round "7"]
[White "Kohlweyer, Bernd"]
[Black "Wuts, Frank"]
[Result "1-0"]
[WhiteElo "2450"]
[BlackElo "2304"]
[PlyCount "115"]
[EventDate "2002.10.27"]
[EventType "swiss"]
[EventRounds "9"]
[EventCountry "FRA"]
[SourceTitle "EXT 2003"]
[Source "ChessBase"]
[SourceDate "2002.11.25"]
[SourceVersion "1"]
[SourceVersionDate "2002.11.25"]
[SourceQuality "1"]

1. c4 e5 2. Nc3 Nf6 3. Nf3 d6 4. g3 c6 5. Bg2 Be7 6. 0-0 0-0 7. Qc2 Bg4 8. Rd1 Nbd7 9. d4 Qc7 10. Be3 Rfe8 11. h3 Bh5 12. Nh4 Nb6 13. b3 Nfd7 14. Nf5 Bf8 15. Rac1 Bg6 16. g4 h5 17. f3 Rac8 18. Qd2 Bxf5 19. gxf5 Be7 20. f4 Nf6 21. Bf2 Rcd8 22. e4 Nfd7 23. Qe2 exd4 24. Bxd4 d5 25. e5 dxc4 26. Qf2 Nf8 27. Ne4 Qc8 28. f6 Ba3 29. fxg7 Nh7 30. Rb1 cxb3 31. axb3 Nd5 32. b4 Bxb4 33. f5 a5 34. Ba1 Qc7 35. Qf3 Rxe5 36. Qxh5 Rxe4 37. Bxe4 Qg3+ 38. Kh1 Re8 39. Qf3 Qxf3+ 40. Bxf3 Nhf6 41. Rb3 Ne4 42. Bxe4 Rxe4 43. f6 Re6 44. Rf3 Be1 45. Rf5 Bh4 46. Rh5 Bxf6 47. Rg1 Bxg7 48. Bxg7 Rg6 49. Bd4 Rxg1+ 50. Kxg1 f6 51. Kf2 Kg7 52. Ke1 b5 53. Kd2 b4 54. Rh4 a4 55. Bc5 a3 56. Kc2 a2 57. Kb2 b3 58. Ra4 1-0

[Event "BEL-chT 0102"]
[Site "Belgium"]
[Date "2002.01.06"]
[Round "6"]
[White "Dutreeuw, Marc"]
[Black "Wuts, Frank"]
[Result "0-1"]
[WhiteElo "2345"]
[BlackElo "2309"]
[PlyCount "60"]
[EventDate "2001.10.14"]
[EventType "team"]
[EventRounds "11"]
[EventCountry "BEL"]
[SourceTitle "EXT 2003"]
[Source "ChessBase"]
[SourceDate "2002.11.25"]
[SourceVersion "1"]
[SourceVersionDate "2002.11.25"]
[SourceQuality "1"]

1. e4 d6 2. d4 Nf6 3. Nc3 c6 4. Nf3 Bg4 5. Be2 Nbd7 6. Be3 e5 7. Nd2 Be6 8. 0-0 g6 9. a4 Qc7 10. Nc4 d5 11. exd5 Nxd5 12. Nxd5 Bxd5 13. Nxe5 Nxe5 14. dxe5 0-0-0 15. Bg4+ Kb8 16. Qd4 c5 17. Qc3 Qc6 18. Bh3 g5 19. f3 Rg8 20. Rf2 h5 21. Bf5 g4 22. fxg4 hxg4 23. Bf4 c4 24. Rd2 Bc5+ 25. Be3 g3 26. h3 Bxg2 27. Rad1 Rxd2 28. Qxd2 Bf3 29. Bxc5 Qxc5+ 30. Qd4 Rd8 0-1

[Event "Hoogeveen Essent op"]
[Site "Hoogeveen"]
[Date "2001.10.12"]
[Round "1"]
[White "Wuts, Frank"]
[Black "Gurevich, Mikhail"]
[Result "0-1"]
[WhiteElo "2297"]
[BlackElo "2605"]
[PlyCount "42"]
[EventDate "2001.10.12"]
[EventType "swiss"]
[EventRounds "9"]
[EventCountry "NED"]
[SourceTitle "CBM 084 Extra"]
[Source "ChessBase"]
[SourceDate "2001.10.26"]
[SourceVersion "1"]
[SourceVersionDate "2001.10.26"]
[SourceQuality "1"]

1. d4 d6 2. c4 f5 3. Nc3 Nf6 4. Bg5 Nbd7 5. Nf3 g6 6. e3 Bg7 7. c5 dxc5 8. Qb3 c6 9. Bc4 b5 10. Nxb5 cxb5 11. Bxb5 Qa5+ 12. Kd1 Ba6 13. Bc6 c4 14. Qc2 Rc8 15. Ne5 0-0 16. Nxd7 Rxc6 17. Nxf8 Kxf8 18. f3 Nd5 19. Qd2 c3 20. bxc3 h6 21. c4 Qa4+ 0-1

[Event "Lost Boys op"]
[Site "Amsterdam"]
[Date "2001.08.19"]
[Round "9"]
[White "Erwich, Marc"]
[Black "Wuts, Frank"]
[Result "1/2-1/2"]
[WhiteElo "2263"]
[BlackElo "2315"]
[PlyCount "63"]
[EventDate "2001.08.10"]
[EventType "swiss"]
[EventRounds "9"]
[EventCountry "NED"]
[SourceTitle "CBM 083 Extra"]
[Source "ChessBase"]
[SourceDate "2001.09.11"]
[SourceVersion "1"]
[SourceVersionDate "2001.09.11"]
[SourceQuality "1"]

1. e4 d6 2. d4 Nf6 3. Nc3 c6 4. a4 Nbd7 5. Nf3 e5 6. Bc4 Be7 7. 0-0 0-0 8. dxe5 dxe5 9. Qe2 Qc7 10. h3 Nc5 11. Rd1 Be6 12. b4 Bxc4 13. Qxc4 Ne6 14. Be3 a5 15. b5 cxb5 16. Qxc7 Nxc7 17. Nxb5 Nxb5 18. axb5 Bb4 19. Bd2 Nxe4 20. Bxb4 axb4 21. Rxa8 Rxa8 22. Nxe5 f6 23. Nd3 Nc3 24. Re1 Nd5 25. Nc5 Rc8 26. Nxb7 Rxc2 27. Nd6 h6 28. Rb1 Rc3 29. b6 Nxb6 30. Rxb4 Nd5 31. Rb7 Rc7 32. Rxc7 1/2-1/2

[Event "Lost Boys op"]
[Site "Amsterdam"]
[Date "2001.08.14"]
[Round "5"]
[White "Vedder, Richard"]
[Black "Wuts, Frank"]
[Result "1/2-1/2"]
[WhiteElo "2220"]
[BlackElo "2315"]
[PlyCount "160"]
[EventDate "2001.08.10"]
[EventType "swiss"]
[EventRounds "9"]
[EventCountry "NED"]
[SourceTitle "CBM 083 Extra"]
[Source "ChessBase"]
[SourceDate "2001.09.11"]
[SourceVersion "1"]
[SourceVersionDate "2001.09.11"]
[SourceQuality "1"]

1. d4 d6 2. e4 Nf6 3. Nc3 c6 4. Nf3 Bg4 5. h3 Bh5 6. Be2 Nbd7 7. 0-0 e5 8. Be3 Be7 9. Nd2 Bxe2 10. Qxe2 0-0 11. a4 Qc7 12. Rfd1 Rfb8 13. Nf1 b5 14. dxe5 dxe5 15. axb5 cxb5 16. Nxb5 Qb7 17. c4 a6 18. Nc3 Qxb2 19. Qxb2 Rxb2 20. Nd5 Bf8 21. f3 a5 22. Rdc1 Nxd5 23. cxd5 a4 24. Rc7 Nf6 25. Bc1 Rb3 26. Nd2 Rd3 27. Kf2 Nh5 28. Nc4 Rc3 29. Bd2 Rb3 30. Rc6 a3 31. Ra2 f5 32. exf5 Nf6 33. d6 Nd5 34. Rxa3 Raxa3 35. Nxa3 Rxa3 36. d7 Be7 37. Rc8+ Kf7 38. d8Q Bxd8 39. Rxd8 Ne7 40. g4 Nc6 41. Rd7+ Kg8 42. Rc7 Nd4 43. Rc8+ Kf7 44. Rf8+ Kxf8 45. Bb4+ Kf7 46. Bxa3 g6 47. fxg6+ Kxg6 48. Bb2 Nc6 49. Ke3 Kg5 50. Ke4 Kh4 51. Bxe5 Kxh3 52. Kf5 Nb4 53. Kg5 Nd3 54. Bd6 Kg2 55. f4 Kf3 56. Kf5 Nf2 57. g5 Ne4 58. Bc7 Ng3+ 59. Kf6 Nh5+ 60. Kf5 Ng3+ 61. Ke6 Kg4 62. Ke5 Nf5 63. Kf6 Nd4 64. Be5 Nf5 65. Bb8 Nd4 66. Ba7 Ne2 67. f5 Ng3 68. g6 hxg6 69. fxg6 Nh5+ 70. Kf7 Kg5 71. Bc5 Kf5 72. Be7 Ke5 73. Bh4 Kf5 74. Bd8 Ke4 75. Bg5 Ke5 76. Bc1 Kf5 77. Ba3 Kg5 78. Be7+ Kf5 79. Bd8 Ke4 80. Kg8 Nf4 1/2-1/2